000 02254nam0a2200373 i 4500
001 RU\NLR\BIBL_A\010411509
005 20241109064242.0
010 _a9785444601020
_9300
021 _aRU
_b2014-31804
_91949
035 _a(NILC)RuMoRGB-007485041
035 _a(NLR Aleph) 010411509
090 _a9761097
_c9761096
100 _a20140702d2012 k y0rusy50 ca
101 0 _arus
102 _aRU
105 _ay|||z|||100yy
200 1 _aИнститут дополнительного профессионального образования - 30 лет
_eматериалы научно-практической деятельности сотрудников института дополнительного профессионального образования
_fГБОУ ВПО ВГМА им. Н. Н. Бурденко
_gпод общ. ред. И. Э. Есауленко, П. Е. Чеснокова
210 _aВоронеж
_cНаучная книга
_d2012
215 _a355 с.
_cил., табл.
_d21
320 _aБиблиогр. в конце ст.
601 0 2 _aВоронежская государственная медицинская академия им. Н.Н. Бурденко
_bИнститут дополнительного профессионального образования
_92217861
_3RU\NLR\AUTH\6601565317
606 _aПоследипломное медицинское образование
_jСборники
_92083163
_3RU\NLR\AUTH\661259212
606 _aМедицина
_jСборники
_9892737
_3RU\NLR\AUTH\662895
686 1 _aЧ488.94(2Р)78я43
686 1 _aР.я43
686 1 _aР.е(2)33л Воронежский
702 1 _4340
_7ca
_8rus
_aЕсауленко
_bИ. Э.
_f1956-
_gИгорь Эдуардович
_9181810
_3RU\NLR\AUTH\770181861
711 0 2 _aВоронежская государственная медицинская академия им. Н.Н. Бурденко
_bИнститут дополнительного профессионального образования
_9413630
_3RU\NLR\AUTH\880373590
801 0 _aRU
_bРГБ
_c20140506
_gRCR
801 1 _aRU
_bРГБ
_c20140506
_2rusmarc
942 _cBOOK
980 _aNBR